Primaveras de dolor.

Furkejuvvon:
Bibliográfalaš dieđut
Váldodahkki: Toro-Goya, Mauricio (autor)
Eará dahkkit: Aguirre Evangelista, Soledad (textos)
Materiálatiipa: Girji
Almmustuhtton: Coquimbo, Chile: 1621 Editores, 2023.
Preanttus:Primera edición.
Fáttát:
Fáddágilkorat: Lasit fáddágilkoriid
Eai fáddágilkorat, Lasit vuosttaš fáddágilkora!

MARC

LEADER 00000nam a22000007a 4500
003 CL-VaPUC
005 20250407202456.0
008 250319t2023 ||||| |||| 00| 0 eng d
999 |c 447488  |d 447486 
040 |c Pontificia Universidad Católica de Valparaíso 
082 |a 778.9 TOR 2023 
100 |a Toro-Goya, Mauricio  |e autor  |9 550894 
245 |a Primaveras de dolor. 
250 |a Primera edición. 
260 |a Coquimbo, Chile:  |b 1621 Editores,  |c 2023. 
300 |a 107 páginas:  |b fotografías. 
500 |a c.1. Instituto Arcos.08-01-2025. 
583 |c 20250319  |k Gabriela Rodríguez Cuevas 
650 0 |9 268698  |a Fotografía documental   |x Víctimas de violencia de Estado  |z Chile 
650 0 |9 882914  |a Fotografos chilenos  |x Obras ilustradas 
700 |9 897194  |a Aguirre Evangelista, Soledad  |e textos 
942 |2 ddc  |c BK  |n 0 
952 |0 0  |1 0  |2 ddc  |4 0  |6 778_900000000000000_TOR_2023  |7 0  |8 A  |9 601583  |a BIBINC  |b BIBINC  |d 2025-03-19  |e Instituto Arcos  |i 5666436  |l 1  |o 778.9 TOR 2023  |p 5666436  |q 2025-04-24  |r 2025-04-17  |s 2025-04-17  |t 1  |w 2025-03-19  |y BK  |k IFP